000 01403nam0a22003371 4500
001 rc\3125177
005 20250530080909.0
021 _aRU
_b[75-81001]
035 _a(NLR Aleph) 007313054
090 _a5830229
_c5830229
100 _a20120615d1975 |||y0rusy50 ca
101 0 _arus
102 _aRU
105 _ay z |||||
200 1 _aВ.И. Ленин и партизанское движение
_fЯ.С. Павлов
210 _aМинск
_cБеларусь
_d1975
215 _a543 с.
_d20
300 _aНа пер. авт. не указан
320 _aСписок лит. в примеч.: с. 509-541
532 1 0 _aВладимир Ильич Ленин и партизанское движение
606 _aПартизанское движение в гражданской войне в СССР 1918-1920 гг.
_2psbo
606 _aПартизанское движение в Великой Отечественной войне 1941-1945 гг.
_2psbo
606 _aПартизанская война
_2psbo
700 1 _7ca
_8rus
_aПавлов
_bЯ.С.
_cд-р истор. наук
_f1940-1996
_gЯков Савельевич
_9145988
_3RU\NLR\AUTH\770146024
702 1 _aЛенин
_bВ.И.
_gВладимир Ильич
_4570
801 0 _aRU
_bNLR
_gpsbo
801 1 _aRU
_bELAR
_2rusmarc
852 _aNLR
_j75-3/6864
942 _cBOOK
980 _aNB